| 000 | 00631cam a22001814a 4500 | ||
|---|---|---|---|
| 005 | 20250605164353.0 | ||
| 008 | 250528s ||||||||||||||||||||||||d | ||
| 035 | _a24162 | ||
| 040 |
_aGR-AtMCL _bgre _dGR-AtMCL _eAACR2 |
||
| 245 | 1 | _aFocusing on the Future / For Passengers, Freight and Infrastructure Development | |
| 260 |
_bGlobal Railway, _c2020 |
||
| 300 | _a65 | ||
| 520 | _aGTR's Passenger-Centric Response to Covid-19, Strategies and Opportunities for Decarbonising Rail, The Importance of High-Speed Rail Development. | ||
| 700 | 1 |
_aWaters Craig _99421 |
|
| 942 | _cCR | ||
| 999 |
_c9059 _d9059 |
||